[Event "BAN Marcel 1st Div"]
[Site "Dhaka"]
[Date "2018.01.04"]
[Round "6.4"]
[White "Kishor, Shazzad"]
[Black "Abhishek, Sarkar"]
[Result "1/2-1/2"]
[WhiteElo "1806"]
[BlackElo "2023"]
[PlyCount "133"]
[EventDate "2017.12.30"]
[EventType "team-tourn"]
[EventRounds "9"]
[EventCountry "BAN"]
[SourceTitle "CBM 182 Extra"]
[Source "ChessBase"]
[SourceDate "2018.02.23"]
[SourceVersion "1"]
[SourceVersionDate "2018.02.23"]
[SourceQuality "1"]
[WhiteTeam "Mir CC"]
[BlackTeam "Sonargaon CC"]
[WhiteTeamCountry "BAN"]
[BlackTeamCountry "BAN"]

1. c4 Nf6 2. g3 e6 3. Bg2 d5 4. Nc3 d4 5. Ne4 Nxe4 6. Bxe4 c5 7. d3 Nc6 8. Bg2 Bd6 9. Nf3 0-0 10. 0-0 e5 11. b3 h6 12. Bb2 Be6 13. a3 a5 14. Qc2 Qd7 15. Rfe1 Bh3 16. Rad1 Bxg2 17. Kxg2 f5 18. e4 f4 19. Qe2 g5 20. h3 Rf7 21. g4 Raf8 22. Rh1 h5 23. Rdg1 Be7 24. Kf1 h4 25. a4 Qe6 26. Kg2 Nb8 27. Kh2 Nd7 28. Re1 Ra8 29. Qc2 Rg7 30. Rhg1 Nb8 31. Ba3 Nc6 32. Rc1 Ra6 33. Kh1 Rb6 34. Kh2 Kh7 35. Kh1 Kh6 36. Kh2 Rg8 37. Kh1 Ra8 38. Rb1 Bd6 39. Rgc1 Kg6 40. Kh2 Ne7 41. Kh1 Ng8 42. Rg1 Nf6 43. Rbe1 Rc6 44. Kh2 Rcc8 45. Kh1 Ra7 46. Kh2 b5 47. axb5 a4 48. bxa4 Rca8 49. b6 Rxa4 50. b7 R8a5 51. Bxc5 Ra2 52. Bxd6 Qxd6 53. Qb3 Rxf2+ 54. Rg2 Rxg2+ 55. Kxg2 Nd7 56. c5 Rxc5 57. Qg8+ Kf6 58. Qxg5+ Kf7 59. Qh5+ Kg7 60. Qg5+ Kf7 61. Qf5+ Ke7 62. Qg5+ Kf7 63. Qf5+ Ke7 64. Qg5+ Kf7 65. Qf5+ Ke7 66. Rb1 Rc2+ 67. Kh1 1/2-1/2